000 00871nam a22002537a 4500
003 PE SENCICO BE
005 20251020182624.0
008 230111b |||||||| |||| 00| 0 eng d
020 _a968-24-7039-0
040 _aPE SENCICO BE
_cPE SENCICO BE
041 _aspa
082 _a721
_bG26
100 1 _9423
_aGarcía Chávez, José Roberto
_eautor
245 1 _aViento y arquitectura :
_bel viento como factor de diseño arquitectónico /
_cJosé Roberto García Chávez, Victor Fuentes Freixanet
250 _a3a ed.
260 _aMéxico, D. F. :
_bTrillas,
_c2005
300 _a186 p. :
_bil., diagrs.;
_c27 cm.
650 1 4 _918
_aDiseño arquitectónico
650 2 4 _9188
_aArquitectura y clima
650 2 4 _9424
_aVientos
700 1 _aFuentes Freixanet, Víctor
_eautor
_9425
910 _bhfp
_chfp
942 _2ddc
_cLIB
_h721
_iG26
999 _c3761
_d3761